Statistiques concernant Paroles Disney

Cliquez ici pour prendre le quiz!

Statistiques générales

  • Ce quiz a été pris 596 fois
  • Le résultat moyen est 5 sur 20

Statistiques - réponses

Hint Answer % Correct
"Je vais faire dans la cours des grands, une entrée triomphale, en _ _ _ un rugissement bestial"Poussant très royalement
91%
"Puis je relis mes livres, _ _ _ _, j'ajoute de la couleur, il en manque j'en suis sûre"je rêve d'aventure
53%
"Fêter ce grand jour, _ _ _, venez adorer l'idole !"Clochettes et tambours
38%
"Je donnerais tout ce que j'ai pour partir d'ici, pour _ _ _ _ du sable chaud "caresser les grains dorés
35%
"Toute la Grèce, admire ses biceps, pas un gramme de _ _ _ _ se compressent"graisse quand ses pectoraux
35%
"Je suis une fille en manque de compagnie, je parle aux _ _ _ _ _ qui m'entourent"murs et à ces portraits
33%
"Y'a pas de cafard, y'a pas de déprime, _ _ _ sont des copines !"quand les assiettes
32%
"Quand on prie la bonne étoile, _ _ _ secoue son voile"la fée bleue
25%
"Avant tout bien frotter _ _ _ _ briller"Savonner rincer et faire
22%
"Ne crains rien, sèche tes pleurs, _ _ _ _, mon tout petit"viens sur mon coeur
21%
"Les cartes, les cartes, les cartes me révèlent, le _ _ _ _ _ _ tel quel"passé le présent et le futur
20%
"Soudain on s'aperçoit, qu'_ _ _ _ _, vous guettant suspendue sous un roc"elle est la devant soi
15%
"Protège, mon Dieu, les malheureux, éclaire _ _ _ _ solitaires"la misère des coeurs
13%
"Habillent nos chagrins de bonheur, dans le _ _ _ _ _ "doux secret de l'oubli
10%
"Je chante pour toi, avec l'espoir qu'un jour, _ _ _ _ , saura me faire la cour"ton coeur rempli d'amour
10%
"Construis des murs, solides et hauts, une nouvelle _ _ _ _ _ _ vient rôder"vie t'attend où le danger
9%
"C'est je le crois, le plus bel endroit, et _ _ _ , que j'ai pu visiter"le plus paisible
4%
"Même quand tu as envie d'avoir, le bonheur _ _ _ _ _, quelqu'un t'attend là-bas"est tout près il existe
3%
"Si nous voulons chaque jour les pratiquer, nous verrons _ _ _ _, do mi sol mi do mi sol mi "nos progès vite encouragés
1%
"En badinant, le vent ballade, des _ _ _ _ cascade" des torrents de rires en
1%

Distribution des résultats

Percentile par nombre de réponses

% des personnes avec chaque résultat

Votre développement - résultats

Vous n’avez pas pris ce quiz